Rugbymen de légende : Les ouvreurs. - Statistiques

Statistiques générales
  • Ce quiz a été pris 388 fois
  • Le résultat moyen est 5 sur 8
Statistiques - réponses
Par images Hint Réponse % Correct
Nouvelle-Zélande Dan Carter
97%
Angleterre Jonny Wilkinson
97%
Irlande Jonathan Sexton
94%
France Frédéric Michalak
93%
Irlande Ronan O'Gara
80%
Nouvelle-Zélande Andrew Mehrtens
13%
Australie Stephen Larkham
13%
Afrique du Sud Naas Botha
6%
Aucun quiz correspondant
Distribution des résultats
% des personnes avec chaque résultat
Percentile par nombre de réponses
Votre historique - résultats
Vous n’avez pas pris ce quiz